La población de México, estado actual y tendencias: 1960-1980
Saved in:
| Hovedforfatter: | |
|---|---|
| Format: | Bog |
| Sprog: | spansk |
| Udgivet: |
Ciudad de México
Cvltvra
1960
|
| Fag: | |
| Tags: |
Tilføj Tag
Ingen Tags, Vær først til at tagge denne postø!
|
MARC
| LEADER | 00000nam a2200000 a 4500 | ||
|---|---|---|---|
| 001 | UCO0733 | ||
| 003 | CL-VaPUC | ||
| 008 | 000428e19600000MX |||||||||||||||||spa|d | ||
| 082 | 0 | 4 | |a 972.083 |b LOY |2 21 |
| 100 | |a Loyo, Gilberto |e autor |9 442178 | ||
| 245 | 1 | 3 | |a La población de México, estado actual y tendencias: 1960-1980 |
| 300 | |a 151 p | ||
| 942 | |c BK | ||
| 945 | |d 20000428 00:00:00 |a crobeson | ||
| 260 | |a Ciudad de México |b Cvltvra |c 1960 | ||
| 650 | 7 | |a HISTORIA MEXICANA |2 CL-VaPUC |9 333909 | |
| 650 | 7 | |a DEMOGRAFIA HISTORICA |2 CL-VaPUC |9 322344 | |
| 650 | 0 | |a Población |9 257577 | |
| 650 | 0 | |a Datos estadísticos |9 329380 | |
| 651 | 0 | |a México |9 255269 | |
| 583 | |a last modification |c 20000428 00:00:00 |k Rodrigo Vera | ||
| 999 | |c 287381 |d 287379 | ||
| 952 | |0 0 |1 0 |4 0 |6 972_083000000000000_LOY_1960 |7 0 |8 A |9 334219 |a BIBHIS |b BIBHIS |d 2019-11-20 |i 1272241 |o 972.083 LOY 1960 |p 1272241 |r 2025-01-20 |w 2019-11-20 |y BK |k HIS | ||